000 00491nam a2200157Ia 4500
008 130821s1974 mx gr spa
040 _aCo-BoUCM
_bspa
041 _aspa
100 _aGarcía Maynez, Eduardo
_989914
245 _afilosofía del derecho
_cEduardo García Maynez
260 _aMéxico D.F. (México)
_bPorrua
_c1974
300 _a542 páginas
650 0 4 _aFilosofía del derecho
_915792
942 _cLIBRO
_a8
_e1
_mG17f
_2DEWEY
_h340.1
999 _c18627
_d18627